000 00571pab a2200181 454500
008 180718b2017 xxu||||| |||| 00| 0 eng d
100 _aAkarcay-Gurbuz, Ayca
245 _aSchooling opportunities and intergenerational educational mobility in Turkey: an IV estimation using census data
260 _c2017
300 _ap.1396-1413.
362 _aSep
650 _aEducational opportunities - Turkey
650 _aStudent mobility - Turkey
650 _aStudent mobility
700 _aPolat, Sezgin
773 _aJournal of Development Studies
909 _a116384
999 _c116378
_d116378